| 000 | 00408nam a2200157Ia 4500 | ||
|---|---|---|---|
| 005 | 20250509035513.0 | ||
| 008 | 240331s9999 xx 000 0 und d | ||
| 020 | _a9559183001 | ||
| 082 |
_a070 _bATT |
||
| 100 | _aAttanayake, B | ||
| 245 | 0 | _aJanasanniwedanaye ath potha | |
| 260 |
_aMinuwangoda _bSanniwedana Athiyana Gendiraiya _c1992 |
||
| 300 | _aviii, 76 p ., | ||
| 500 | _aA book on media | ||
| 942 | _cL | ||
| 999 |
_c651 _d651 |
||